Statystyki dla Kraje świata arabskiego

Kliknij tutaj aby rozwiązać quiz!

Ogólne statystyki

  • Ten quiz został rozwiązany 84 razy
    (29 od ostatniego zresetowania)
  • Średni wynik to 16 z 20

Statystyki odpowiedzi

#Odpowiedź% Poprawnych
5Irak
96%
6Jemen
96%
13Oman
96%
4Egipt
92%
7Katar
92%
8Kuwejt
88%
1Algieria
85%
2Arabia Saudyjska
85%
11Maroko
85%
16Syria
85%
17Tunezja
85%
3Bahrajn
81%
9Liban
81%
18Zjednoczone Emiraty Arabskie
81%
10Libia
77%
15Sudan
69%
14Palestyna
65%
20Palestyna
65%
12Mauretania
42%
19Sahara Zachodnia
4%

Rozkład punktacji

Percentyl według liczby udzielonych odpowiedzi

Procent ludzi z każdym wynikiem

Twoja historia wyników

Nie rozwiązałeś tego quizu od ostatniego zresetowania